Frankie's dad

Bibliographic Details
Main Author: Ure, Jean
Format: Book
Published: London : Hutchinson , 1988
Subjects:

MARC

LEADER 00000cam a2200000 7i4500
001 0000001095
002 000001210
005 20000330.0
020 |a 0091734916 
090 0 0 |a JF   |b URE 
100 1 |a Ure, Jean 
245 1 0 |a Frankie's dad   |c Jean Ure 
260 |a London :   |b Hutchinson ,   |c 1988 
300 |a 142p. ;   |c 21cm. 
650 0 0 |a Children's stories 
999 |a 027361   |b BUKU   |c PINJAMAN   |e PERPUSTAKAAN KOMUNITI PETALING JAYA